LEADER 01106nam a2200337 i 4500 001 991000761389707536 005 20020507173239.0 008 981127s1975 de ||| | eng 020 $a3540071458 035 $ab10753631-39ule_inst 035 $aLE01301932$9ExL 040 $aDip.to Matematica$beng 082 0 $a516.35 084 $aAMS 14L05 100 1 $aLazard, Michel$057026 245 10$aCommutative formal groups /$cMichel Lazard 260 $aBerlin ; New York :$bSpringer-Verlag,$c1975 300 $a236 p. ;$c25 cm 490 0 $aLecture notes in mathematics,$x0075-8434 ;$v443 500 $aIncludes index 500 $aBibliography: p. 231-232 650 0$aCategories 650 0$aClass field theory 650 0$aFormal groups 650 0$aLie groups 907 $a.b10753631$b23-02-17$c28-06-02 912 $a991000761389707536 945 $aLE013 14L LAZ11 (1975)$g1$i2013000104447$lle013$o-$pE0.00$q-$rl$s- $t0$u0$v0$w0$x0$y.i10847339$z28-06-02 996 $aCommutative formal groups$980898 997 $aUNISALENTO 998 $ale013$b01-01-98$cm$da $e-$feng$gde $h0$i1 LEADER 01424nam 2200421 450 001 9910160331903321 005 20230712144411.0 010 $a1-78680-026-8 010 $a1-78680-025-X 035 $a(CKB)3710000001025563 035 $a(MiAaPQ)EBC4789553 035 $a(MiAaPQ)EBC5390704 035 $a(EXLCZ)993710000001025563 100 $a20180604d2017 uy 0 101 0 $aeng 135 $aurcnu|||||||| 181 $2rdacontent 182 $2rdamedia 183 $2rdacarrier 200 14$aThe Communist manifesto /$fKarl Marx and Friedrich Engels 210 1$aLondon, England :$cPluto Press,$d2017. 215 $a1 online resource (177 pages) 311 $a0-7453-9937-1 311 $a0-7453-9939-8 327 $a1. Introduction : The Manifesto of the Communist Party for us / Jodi Dean -- 2. Manifesto of the Communist Party -- 3. Appendix: Prefaces to various language editions -- 4. Afterword: Introduction to the 2008 edition / David Harvey. 330 $aBeautiful edition of Marx and Engels' classic manifesto, introduced by renowned Marxist writer Jodi Dean. 606 $aCommunism 615 0$aCommunism. 676 $a335.422 700 $aMarx$b Karl$032587 702 $aEngels$b Friedrich 801 0$bMiAaPQ 801 1$bMiAaPQ 801 2$bMiAaPQ 906 $aBOOK 912 $a9910160331903321 996 $aThe communist manifesto$92668133 997 $aUNINA